000 00288nam a22001337a 4500
008 181022b xxu||||| |||| 00| 0 eng d
020 _a9780023981418
041 _aeng
080 _a821
100 _a21
101 _aGJL
245 _aWriting Arguments
_cRamage, J.D
942 _2udc
_cBK
999 _c50556
_d50556